Southville International School and Colleges
Your cart is empty.
  • Cart
  • Lists
    Public lists Eva Luna New books Lux_list list_1
    Your lists Log in to create your own lists
  • Log in to your account
  • Your cookies
  • Search history
Southville International School and Colleges
  • Advanced search
  • Recent comments
  • Most popular
  • Libraries

Log in to your account

Log in with GOOGLE


If you do not have an external account, but do have a local account, you can still log in:

  1. Home
  2. MARC view: Exploring Maths 2 :
Normal view MARC view ISBD view

Exploring Maths 2 : (Record no. 12046)

[ view plain ]
MARC details
000 -LEADER
fixed length control field 00818nam a22002537a 4500
003 - CONTROL NUMBER IDENTIFIER
control field OSt
005 - DATE AND TIME OF LATEST TRANSACTION
control field 20140310182334.0
008 - FIXED-LENGTH DATA ELEMENTS--GENERAL INFORMATION
fixed length control field 130925t xxu||||| |||| 00| 0 eng d
020 ## - INTERNATIONAL STANDARD BOOK NUMBER
International Standard Book Number 9781405844086
050 ## - LIBRARY OF CONGRESS CALL NUMBER
Classification number QA 11.39.2
Item number .St896c 2008
100 ## - MAIN ENTRY--PERSONAL NAME
Personal name Straker, Anita.
9 (RLIN) 21533
245 ## - TITLE STATEMENT
Title Exploring Maths 2 :
Remainder of title Class Book /
Statement of responsibility, etc Anita Straker.
260 ## - PUBLICATION, DISTRIBUTION, ETC. (IMPRINT)
Place of publication, distribution, etc China :
Name of publisher, distributor, etc Pearson Longman,
Date of publication, distribution, etc c2008.
300 ## - PHYSICAL DESCRIPTION
Extent iv. 361 p. :
Other physical details ill. col.;
Dimensions 28 cm.
500 ## - GENERAL NOTE
General note Includes index and bibliography.
651 ## - SUBJECT ADDED ENTRY--GEOGRAPHIC NAME
Geographic name Factorization
General subdivision mathematics
9 (RLIN) 21534
651 ## - SUBJECT ADDED ENTRY--GEOGRAPHIC NAME
Geographic name Equations
General subdivision mathematics
9 (RLIN) 21535
651 ## - SUBJECT ADDED ENTRY--GEOGRAPHIC NAME
Geographic name Forms
General subdivision Mathemetics
9 (RLIN) 21536
651 ## - SUBJECT ADDED ENTRY--GEOGRAPHIC NAME
Geographic name Study and teaching (secondary)
General subdivision mathematics
9 (RLIN) 21537
651 ## - SUBJECT ADDED ENTRY--GEOGRAPHIC NAME
Geographic name Mathematical Formula
General subdivision Formulae
9 (RLIN) 21538
942 ## - ADDED ENTRY ELEMENTS (KOHA)
Source of classification or shelving scheme Library of Congress Classification
Koha item type
Holdings
Withdrawn status Lost status Source of classification or shelving scheme Damaged status Home library Current library Shelving location Date acquired Total Checkouts Full call number Barcode Date last seen Copy number Price effective from Koha item type
    Library of Congress Classification   Luxembourg Library Luxembourg Library Teachers Reference Section 09/25/2013   QA 11.39.2 .St896c 2008 19516 09/25/2013 1 09/25/2013 Books
    Library of Congress Classification   Luxembourg Library Luxembourg Library Teachers Reference Section 09/25/2013   QA 11.39.2 .St896c 2008 19517 04/22/2015 2 09/25/2013 Books

Exploring Maths 2 :

APA

Straker A., . (2008). Exploring Maths 2. China: Pearson Longman.

Chicago

Straker Anita, . 2008. Exploring Maths 2. China: Pearson Longman.

Harvard

Straker A., . (2008). Exploring Maths 2. China: Pearson Longman.

MLA

Straker Anita, . Exploring Maths 2. China: Pearson Longman. 2008.

  • Place hold
  • Print
  • Cite
  • Add to your cart (remove)
  • Save record
    BIBTEX Dublin Core MARCXML MARC (non-Unicode/MARC-8) MARC (Unicode/UTF-8) MARC (Unicode/UTF-8, Standard) MODS (XML) RIS
  • More searches
    Search for this title in:
    Other Libraries (WorldCat) Other Databases (Google Scholar) Online Stores (Bookfinder.com) Open Library (openlibrary.org)

Exporting to Dublin Core...

SOUTHVILLE LIBRARY

Southville International School and Colleges Library

1281 Tropical Ave. Cor. Luxembourg St., BF Homes International, Las Pinas City

Tel. No. 8256374 / 252358 Loc. 117/146

Powered by Koha